000 00678nam a2200277Ia 4500
005 20260324113133.0
008 008 260324s9999 xx 000 0 eng d
020 _a9781003269540
037 _aEBOOK
040 _aCRL
040 _beng
040 _cCRL
041 _2eng
041 _aeng
084 _qCRL
100 _aClaire F. Ratican
_91145567
245 0 _aBodies, Beings, and the Multiple Burial Rite of the Western Viking World
260 _bTaylor and Francis
260 _c2024
365 _a
365 _b230
856 _uhttp://www.taylorfrancis.com/books/9781003269540
942 _cEBOOK
999 _c1735059
_d1735059